000 00403nam a22001697a 4500
999 _c8735
_d8735
003 OSt
008 200709b ||||| |||| 00| 0 eng d
020 _a 9788185790114
082 _a615.19 KUD
100 _aKulkarni, V M ,Bothara K G
245 _aDrug Design
250 _a-
260 _aNew Delhi
_bNirala
300 _a9.8
650 _aPharmaceutical Dosage form /Cosmetic
942 _2ddc
_cBK
_02